भर्तृहरि सतक / (Record no. 121901)

MARC details
000 -LEADER
fixed length control field 01280nam a22002777a 4500
003 - CONTROL NUMBER IDENTIFIER
control field dpl
005 - DATE AND TIME OF LATEST TRANSACTION
control field 20181011155251.0
008 - FIXED-LENGTH DATA ELEMENTS--GENERAL INFORMATION
fixed length control field 181011b ||||| |||| 00| 0 eng d
010 ## - LIBRARY OF CONGRESS CONTROL NUMBER
LC control number B-176953
020 ## - INTERNATIONAL STANDARD BOOK NUMBER
Terms of availability 160.00
International Standard Book Number 818906813
035 ## - SYSTEM CONTROL NUMBER
System control number B-176953, B-176977
037 ## - SOURCE OF ACQUISITION
Source of stock number/acquisition Cen Lib/Ret
040 ## - CATALOGING SOURCE
Original cataloging agency DPL
Language of cataloging HN
Transcribing agency 0
082 ## - DEWEY DECIMAL CLASSIFICATION NUMBER
Classification number 811.08
Item number भर्तृह
245 ## - TITLE STATEMENT
Title भर्तृहरि सतक /
Statement of responsibility, etc नीति सतक, श्रृंगार सतक एवं वैराग्य सतक
Remainder of title औनुवादक एवं टीकाकार रामचन्द्र वर्मा शास्त्री
246 ## - VARYING FORM OF TITLE
Title proper/short title Bhartrihari shatak /
260 ## - PUBLICATION, DISTRIBUTION, ETC. (IMPRINT)
Place of publication, distribution, etc दिल्ली
Name of publisher, distributor, etc किरण प्रकाशन
Date of publication, distribution, etc 2005
270 ## - ADDRESS
Address किरण प्रकाशन, 85, बलदेव पार्क
City दिल्ली
Postal code 110051
300 ## - PHYSICAL DESCRIPTION
Extent 171पृ.
Dimensions 19सेमी (सजिल्द)
650 ## - SUBJECT ADDED ENTRY--TOPICAL TERM
Topical term or geographic name as entry element संस्कृत साहित्य
9 (RLIN) 111593
650 ## - SUBJECT ADDED ENTRY--TOPICAL TERM
Topical term or geographic name as entry element कविताएं
9 (RLIN) 111594
650 ## - SUBJECT ADDED ENTRY--TOPICAL TERM
Topical term or geographic name as entry element Sanskrit Literature
9 (RLIN) 111595
650 ## - SUBJECT ADDED ENTRY--TOPICAL TERM
Topical term or geographic name as entry element Poems
9 (RLIN) 111596
700 ## - ADDED ENTRY--PERSONAL NAME
Personal name शास्त्री, रामचन्द्र वर्मा
9 (RLIN) 42873
942 ## - ADDED ENTRY ELEMENTS (KOHA)
Source of classification or shelving scheme Dewey Decimal Classification
Koha item type Hindi Books
Classification part 811.08
Call number suffix भर्तृह
Holdings
Withdrawn status Lost status Damaged status Not for loan Home library Current library Date acquired Source of acquisition Cost, normal purchase price Total Checkouts Full call number Barcode Date last seen Date checked out Copy number Cost, replacement price Price effective from Koha item type Source of classification or shelving scheme Collection code Total Renewals
        Central Library Central Library 21/12/2015 Cen Lib/Ret 160.00 4 811.08 भर्तृह B-176953 01/09/2022 03/08/2022 1 160.00 21/12/2015 Hindi Books      
        Shahdara Branch Shahdara Branch 11/10/2018 BPPD/PUB 160.00 2 811.08 भर्तृह B-176977 18/12/2018 16/11/2018   160.00 11/10/2018 Hindi Books Dewey Decimal Classification Non-fiction 2

© Delhi Public Library
Hit Counter
free hit counter